[Event "GBR-ch 106th"]
[Site "Torquay"]
[Date "2019.08.03"]
[Round "8"]
[White "Eggleston, David"]
[Black "Emms, John M"]
[Result "0-1"]
[WhiteElo "2399"]
[BlackElo "2481"]
[PlyCount "160"]
[EventDate "2019.07.27"]
[EventType "swiss"]
[EventRounds "9"]
[EventCountry "ENG"]
[SourceTitle "CBM 191 Extra"]
[Source "ChessBase"]
[SourceDate "2019.09.30"]
[SourceVersion "1"]
[SourceVersionDate "2019.09.30"]
[SourceQuality "1"]

1. e4 c5 2. Nf3 Nc6 3. d4 cxd4 4. Nxd4 g6 5. c4 Nf6 6. Nc3 d6 7. Be2 Nxd4 8. Qxd4 Bg7 9. Be3 0-0 10. Qd2 a5 11. 0-0 a4 12. Rac1 Qa5 13. f4 Bd7 14. h3 Bc6 15. Bf3 Nd7 16. Kh1 Rfd8 17. Rfd1 Nc5 18. Bd4 e5 19. Be3 exf4 20. Bxf4 Ne6 21. Be3 Qb4 22. Qe2 a3 23. bxa3 Qxa3 24. Rc2 Be5 25. Nb5 Bxb5 26. cxb5 Rdc8 27. Rdc1 Rxc2 28. Rxc2 Nd4 29. Bxd4 Bxd4 30. Qd1 Be5 31. Qd2 Kg7 32. Qf2 Qd3 33. Qe2 Qd4 34. Qd1 Qb4 35. Qf1 Ra3 36. Qe2 Qd4 37. Rd2 Qc3 38. Rc2 Qa1+ 39. Qd1 Rxa2 40. Rxa2 Qxa2 41. Be2 Qa3 42. Bd3 h5 43. Qf3 Qc1+ 44. Qf1 Qe3 45. Qf3 Qe1+ 46. Bf1 h4 47. Qd3 b6 48. Qf3 Kg8 49. Qd3 Kh7 50. Qf3 Kg7 51. Qd3 Kh6 52. Qf3 f6 53. Qd3 Kg5 54. Kg1 Bf4 55. Qf3 Be3+ 56. Kh1 Qg3 57. Bd3 Qe1+ 58. Qf1 Qxf1+ 59. Bxf1 Kf4 60. Bd3 Kg3 61. Bc2 f5 62. exf5 gxf5 63. Be4 f4 64. Bc6 Bc5 65. Bb7 Kf2 66. Kh2 Ke2 67. Bc6 Kd3 68. Kh1 Kc4 69. Kh2 d5 70. Kh1 Be3 71. g4 fxg3 72. Kg2 d4 73. Kf1 d3 74. Ke1 Kd4 75. Kd1 Bg5 76. Ke1 Ke3 77. Bb7 d2+ 78. Kd1 Kf2 79. Ba8 g2 80. Bxg2 Kxg2 0-1

[Event "GBR-ch 106th"]
[Site "Torquay"]
[Date "2019.08.01"]
[Round "6"]
[White "Emms, John M"]
[Black "Ashton, Adam"]
[Result "1-0"]
[WhiteElo "2481"]
[BlackElo "2323"]
[PlyCount "77"]
[EventDate "2019.07.27"]
[EventType "swiss"]
[EventRounds "9"]
[EventCountry "ENG"]
[SourceTitle "CBM 191 Extra"]
[Source "ChessBase"]
[SourceDate "2019.09.30"]
[SourceVersion "1"]
[SourceVersionDate "2019.09.30"]
[SourceQuality "1"]

1. e4 e5 2. Nf3 Nc6 3. Bb5 a6 4. Ba4 Nf6 5. d3 d6 6. c3 g6 7. 0-0 Bg7 8. h3 0-0 9. Re1 Re8 10. Nbd2 h6 11. d4 b5 12. Bc2 Bb7 13. d5 Nb8 14. a4 c6 15. dxc6 Bxc6 16. axb5 axb5 17. Rxa8 Bxa8 18. Qe2 Bc6 19. Bd3 Qb6 20. Nb3 Nbd7 21. Be3 Qc7 22. Nfd2 Rb8 23. Ra1 d5 24. Ra7 Qc8 25. exd5 Nxd5 26. Na5 f5 27. Nxc6 Qxc6 28. Nb3 e4 29. Bb1 Nxe3 30. Qxe3 Ra8 31. Na5 Qd5 32. Ba2 Qxa2 33. Rxa8+ Kh7 34. Ra7 Qd5 35. Nb3 Qd1+ 36. Kh2 Be5+ 37. g3 f4 38. gxf4 Bb8 39. Rb7 1-0

[Event "GBR-ch 105th"]
[Site "Hull"]
[Date "2018.08.01"]
[Round "5"]
[White "Emms, John M"]
[Black "Hebden, Mark"]
[Result "1/2-1/2"]
[WhiteElo "2488"]
[BlackElo "2423"]
[PlyCount "100"]
[EventDate "2018.07.28"]
[EventType "swiss"]
[EventRounds "9"]
[EventCountry "ENG"]
[SourceTitle "CBM 185 Extra"]
[Source "ChessBase"]
[SourceDate "2018.07.29"]
[SourceVersion "1"]
[SourceVersionDate "2018.07.29"]
[SourceQuality "1"]

1. e4 e5 2. Nf3 Nc6 3. Bb5 a6 4. Ba4 Nf6 5. 0-0 Be7 6. Re1 b5 7. Bb3 0-0 8. d3 d6 9. c3 Na5 10. Bc2 c5 11. Nbd2 Re8 12. Nf1 g6 13. a3 Nc6 14. Bb3 Na5 15. Bc2 Nc6 16. Ne3 Bf8 17. Bb3 Be6 18. Bxe6 fxe6 19. h3 Ra7 20. Ng4 h5 21. Nxf6+ Qxf6 22. Bg5 Qg7 23. b4 Rc7 24. Qb3 Qf7 25. Bd2 d5 26. bxc5 d4 27. c4 Rb7 28. Rec1 Qc7 29. cxb5 Rxb5 30. Qa2 Qd7 31. Rab1 Rxc5 32. Rxc5 Bxc5 33. Qc4 Bxa3 34. Qxa6 Bd6 35. Rc1 Nd8 36. Rb1 Nf7 37. Ng5 Qc8 38. Qb5 Nxg5 39. Bxg5 Qb8 40. Qxb8 Rxb8 41. Rxb8+ Bxb8 42. Kf1 Kf7 43. Ke2 Ke8 44. Kf3 Kd7 45. g4 hxg4+ 46. Kxg4 Ke8 47. h4 Kf7 48. h5 gxh5+ 49. Kxh5 Bd6 50. Kg4 Bc7 1/2-1/2